[Event "Valencia Region-ch Segunda"]
[Site "Valencia"]
[Date "2015.11.21"]
[Round "7.3"]
[White "Sevilla Utiel, Francisco Javier"]
[Black "Alonso Carbo, Sergio"]
[Result "1-0"]
[WhiteElo "1462"]
[BlackElo "1490"]
[PlyCount "79"]
[EventDate "2015.10.03"]
[EventType "swiss"]
[EventRounds "7"]
[EventCountry "ESP"]
[SourceTitle "EXT 2024"]
[Source "ChessBase"]
[SourceDate "2023.10.10"]
[SourceVersion "1"]
[SourceVersionDate "2023.10.10"]
[SourceQuality "1"]

1. e4 g6 2. Nf3 Bg7 3. d4 d6 4. c4 Bg4 5. Be2 Nc6 6. Be3 Nf6 7. Nc3 0-0 8. h3 Bd7 9. Qd2 e5 10. d5 Nb4 11. a3 Na6 12. b4 Nh5 13. Bh6 f5 14. Bxg7 Kxg7 15. exf5 gxf5 16. Nxe5 dxe5 17. Bxh5 Qh4 18. Be2 Rae8 19. g3 Qf6 20. Rd1 e4 21. Qd4 e3 22. fxe3 Qxd4 23. Rxd4 Rxe3 24. Rd3 Rfe8 25. Kd2 R3e5 26. Rf1 Ba4 27. Bh5 R8e7 28. Nxa4 f4 29. Bd1 Re4 30. Rxf4 Re1 31. d6 cxd6 32. Rxd6 Re8 33. Rd7+ R1e7 34. Rxe7+ Rxe7 35. Bc2 Rd7+ 36. Kc3 Rc7 37. Rh4 h6 38. Rd4 b5 39. Nc5 Nb8 40. Ne6+ 1-0

[Event "Valencia Region-ch Segunda"]
[Site "Valencia"]
[Date "2015.11.14"]
[Round "6.5"]
[White "Alonso Carbo, Sergio"]
[Black "Navarro Bochons, Enrique"]
[Result "1-0"]
[WhiteElo "1490"]
[BlackElo "1544"]
[PlyCount "71"]
[EventDate "2015.10.03"]
[EventType "swiss"]
[EventRounds "7"]
[EventCountry "ESP"]
[SourceTitle "EXT 2024"]
[Source "ChessBase"]
[SourceDate "2023.10.10"]
[SourceVersion "1"]
[SourceVersionDate "2023.10.10"]
[SourceQuality "1"]

1. e4 e6 2. d4 d5 3. exd5 exd5 4. c4 Nf6 5. Nc3 Be7 6. Nf3 0-0 7. h3 Re8 8. Be3 Bb4 9. a3 Bxc3+ 10. bxc3 c6 11. Bd3 dxc4 12. Bxc4 Ne4 13. Ne5 Be6 14. Qb3 b5 15. Bxe6 Rxe6 16. 0-0 Nd7 17. f4 Nb6 18. Nxf7 Qe7 19. Ne5 Rc8 20. f5 Nc4 21. fxe6 Qxe6 22. Nxc4 Ng3 23. Nd2 Qxb3 24. Nxb3 Ne2+ 25. Kh2 Nxc3 26. Bd2 Nd5 27. Rae1 Nf6 28. Bg5 Nd5 29. Nc5 a5 30. Re6 b4 31. axb4 axb4 32. Bd2 h6 33. Rfe1 Nc7 34. Rxc6 Rd8 35. Rxc7 Rxd4 36. Bxb4 1-0